000 01110nam a2200181 a 4500
001 ASIN8122416012
005 20141013211120.0
008 141013s2009 xxu eng d
020 _a8122416012 (paperback)
020 _a9788122416015 (paperback)
100 1 _aBhavikatti, S. S.
245 1 0 _aProblems and solutions in engineering mechanics /
_cS. S. Bhavikatti, A. Vittal Hegde.
260 _a[S.l.] :
_bNew Age International Pvt Ltd Publishers,
_c2009.
300 _a208 p. ;
_c24 cm.
520 _aEach chapter begins with a quick discussion of the basic concepts and principles. It then provides several well developed solved examples which illustrate the various dimensions of the concept under discussion. A set of practice problems is also included to encourage the student to test his mastery over the subject. The book would serve as an excellent text for both Degree and Diploma students of all engineering disciplines. AMIE candidates would also find it most useful.
700 1 _aHegde, A. Vittal.
856 4 0 _3Amazon.com
_uhttp://www.amazon.com/exec/obidos/ASIN/8122416012/chopaconline-20
999 _c10844
_d10844